Nemecké odborné texty pre poslucháčov SvF a FA STU

Guardado en:
Detalles Bibliográficos
Autores principales: Juríková, Marta (Autor), Záhorcová, Jana, 1948- (Autor)
Formato: Libro
Lenguaje:alemán
eslovaco
Publicado: Bratislava : STU v Bratislave, 2001
Edición:4.vyd.
Etiquetas: Agregar Etiqueta
Sin Etiquetas, Sea el primero en etiquetar este registro!

MARC

LEADER 00000nam a22000003a 4500
001 stu61118
005 20150617225651.2
008 010906s2001------------------------ger-d
020 |a 80-227-1501-8 
040 |a STU  |b slo 
041 0 |a ger  |a slo 
080 |a 803.0(075.8)  |7 stu_us_auth*stu5286 
100 1 |a Juríková, Marta  |4 aut 
245 1 |a Nemecké odborné texty pre poslucháčov SvF a FA STU 
250 |a 4.vyd. 
260 |a Bratislava :  |b STU v Bratislave,  |c 2001 
300 |a 287 s 
700 1 |a Záhorcová, Jana,  |d 1948-  |4 aut  |u A0033  |U FA Centrum pre podporu vzdelávania  |T FA Kabinet jazykov  |X 425  |U A0033  |Y 390  |7 A000000425 
996 |b 284V036254  |c V*43256/S-14  |l VVS  |s A  |a 24  |w stu61118_0002 
996 |b 284V029399  |c V*38961/S-01  |l VVT  |s A  |a 24  |w stu61118_0015